Statistiques concernant Quinze plus grandes villes de France

Cliquez ici pour prendre le quiz!

Statistiques générales

  • Ce quiz a été pris 122 fois
  • Le résultat moyen est 12 sur 15

Statistiques - réponses

Réponse% Correct
Marseille
100%
Paris
100%
Lyon
98%
Bordeaux
97%
Toulouse
94%
Lille
93%
Nice
93%
Nantes
92%
Strasbourg
91%
Rennes
88%
Montpellier
78%
Toulon
59%
Reims
58%
Saint-Etienne
51%
Le Havre
50%

Distribution des résultats

Percentile par nombre de réponses

% des personnes avec chaque résultat

Votre développement - résultats

Vous n’avez pas pris ce quiz